Contemporary progressive Indonesian poetry / (Record no. 63855)

MARC details
000 -LEADER
fixed length control field 00636cam a22002051 4500
001 - CONTROL NUMBER
control field sa 65004625
003 - CONTROL NUMBER IDENTIFIER
control field DLC
005 - DATE AND TIME OF LATEST TRANSACTION
control field 20260227112132.0
008 - FIXED-LENGTH DATA ELEMENTS--GENERAL INFORMATION
fixed length control field 860417s1962 io 000 0 eng
010 ## - LIBRARY OF CONGRESS CONTROL NUMBER
LC control number sa 65004625
035 ## - SYSTEM CONTROL NUMBER
System control number (OCoLC)13448115
040 ## - CATALOGING SOURCE
Original cataloging agency DLC
Transcribing agency IDeKN
Modifying agency DLC
043 ## - GEOGRAPHIC AREA CODE
Geographic area code a-io---
050 00 - LIBRARY OF CONGRESS CALL NUMBER
Classification number PL5095.E3
Item number S8
100 1# - MAIN ENTRY--PERSONAL NAME
Personal name Suradi, Bintang.
245 10 - TITLE STATEMENT
Title Contemporary progressive Indonesian poetry /
Statement of responsibility, etc. translated and edited with an introd., by Bintang Suradi.
260 ## - PUBLICATION, DISTRIBUTION, ETC.
Place of publication, distribution, etc. Djakarta :
Name of publisher, distributor, etc. League of People's Culture,
Date of publication, distribution, etc. [1962]
300 ## - PHYSICAL DESCRIPTION
Extent 95 p. ;
Dimensions 22 cm.
650 #0 - SUBJECT ADDED ENTRY--TOPICAL TERM
Topical term or geographic name entry element Indonesian poetry
General subdivision Translations into English.

No items available.

Powered by Koha